Caricamento...

Attitudes self-concept values and achivement of college students /

Dettagli Bibliografici
Autore principale: Manav, R. N.
Natura: Printed Book
Lingua:English
Pubblicazione: Meerut : Anu Books, 1988.
Soggetti:
LEADER 00597nam a2200157Ia 4500
008 150624b xxu||||| |||| 00| 0 eng d
082 |a 370.15 
100 |a Manav, R. N. 
245 |a Attitudes self-concept values and achivement of college students /  |c R. N. Manav 
260 |a Meerut :  |b Anu Books,  |c 1988. 
300 |a 118 p. 
590 |a Book Lost,cost collected with Rt.No:43202 dt 11/1/2000 (470) 
650 |x Educational psychology. 
942 |c BK 
999 |c 44453  |d 44453 
952 |0 1  |1 1  |4 0  |6 370_150000000000000_MAN_A  |7 0  |9 44442  |a UL  |b UL  |c ST1  |d 1998-09-01  |l 0  |o 370.15 MAN/A  |p 65260  |r 2012-10-27  |w 2012-10-27  |y BK